[Event "Norway Chess op"]
[White "McCartney, Steven"]
[Black "Skytte, Robert"]
[Site "Stavanger"]
[Round "6"]
[Result "0-1"]
[Date "2024.05.27"]
[WhiteElo "1802"]
[BlackElo "1918"]
[PlyCount "76"]
[EventDate "2024.05.24"]
[EventType "swiss"]
[EventRounds "9"]
[EventCountry "NOR"]
[SourceTitle "CBM 220 Extra"]
[Source "ChessBase"]
[SourceDate "2024.07.31"]
[SourceVersion "1"]
[SourceVersionDate "2024.07.31"]
[SourceQuality "1"]

1. d4 d5 2. Bg5 Nf6 3. Bxf6 exf6 4. e3 Be7 5. Nd2 0-0 6. Bd3 Nd7 7. c4 dxc4 8. Bxc4 c5 9. Ngf3 cxd4 10. Nxd4 Ne5 11. 0-0 Bg4 12. Be2 Bxe2 13. Qxe2 Bc5 14. N2b3 Bxd4 15. Nxd4 Qb6 16. Rfd1 Rac8 17. Rac1 Nc6 18. Qg4 Qb4 19. a3 Qa4 20. b3 Qxa3 21. Nf5 g6 22. Nh6+ Kg7 23. Nxf7 Kxf7 24. Qd7+ Qe7 25. Qh3 Ne5 26. Qxh7+ Ke6 27. Qh3+ f5 28. Ra1 Rfd8 29. f4 Ng4 30. Qf3 Qc5 31. Re1 b5 32. h3 Nf6 33. Kh2 Ne4 34. Ra6+ Kf7 35. Rea1 Rc7 36. Qf1 Qxe3 37. Qxb5 Qxf4+ 38. Kg1 Rc1+ 0-1

[Event "Norway Chess op"]
[White "Haugen, Lars Tormod"]
[Black "McCartney, Steven"]
[Site "Stavanger"]
[Round "5"]
[Result "0-1"]
[Date "2024.05.26"]
[WhiteElo "1961"]
[BlackElo "1802"]
[PlyCount "94"]
[EventDate "2024.05.24"]
[EventType "swiss"]
[EventRounds "9"]
[EventCountry "NOR"]
[SourceTitle "CBM 220 Extra"]
[Source "ChessBase"]
[SourceDate "2024.07.31"]
[SourceVersion "1"]
[SourceVersionDate "2024.07.31"]
[SourceQuality "1"]

1. c4 Nf6 2. Nc3 g6 3. g3 Bg7 4. Bg2 0-0 5. e4 d6 6. Nge2 e5 7. 0-0 Nc6 8. d3 Be6 9. Nd5 Qd7 10. Bg5 Bxd5 11. cxd5 Ne7 12. Qd2 h5 13. h3 Nh7 14. Be3 f5 15. Rac1 a6 16. Rc2 Rac8 17. Rfc1 b6 18. b3 Kh8 19. a4 Nf6 20. a5 b5 21. Bg5 fxe4 22. dxe4 Rf7 23. Nc3 Rcf8 24. Na2 Ne8 25. Be3 Kh7 26. Nb4 Qc8 27. Kh2 g5 28. Bxg5 Rxf2 29. Qd1 R2f7 30. Qxh5+ Kg8 31. Qe2 Ng6 32. Qe3 Bf6 33. Bh6 Bg7 34. Bg5 Bf6 35. Bh6 Bg7 36. Bxg7 Kxg7 37. h4 Nf6 38. Bh3 Ng4+ 39. Bxg4 Qxg4 40. Rxc7 Kg8 41. Rxf7 Rxf7 42. Rg1 Kh7 43. Nxa6 Rf3 44. Qg5 Rf2+ 45. Rg2 Rxg2+ 46. Kxg2 Nf4+ 47. Qxf4 exf4 0-1

[Event "Norway Chess op"]
[White "McCartney, Steven"]
[Black "Cornileau, Juliette"]
[Site "Stavanger"]
[Round "4"]
[Result "0-1"]
[Date "2024.05.26"]
[WhiteElo "1802"]
[BlackElo "1986"]
[PlyCount "138"]
[EventDate "2024.05.24"]
[EventType "swiss"]
[EventRounds "9"]
[EventCountry "NOR"]
[SourceTitle "CBM 220 Extra"]
[Source "ChessBase"]
[SourceDate "2024.07.31"]
[SourceVersion "1"]
[SourceVersionDate "2024.07.31"]
[SourceQuality "1"]

1. d4 d5 2. Nf3 Nf6 3. e3 c6 4. Bd3 Bg4 5. Nbd2 Nbd7 6. b3 e5 7. dxe5 Nxe5 8. Be2 Nxf3+ 9. Bxf3 Bf5 10. Bb2 Bd6 11. 0-0 0-0 12. c4 Qe7 13. cxd5 cxd5 14. Be2 Rac8 15. Nf3 Be4 16. Rc1 Rxc1 17. Qxc1 Ng4 18. h3 Bxf3 19. Bxf3 Nh2 20. Bxd5 Nxf1 21. Kxf1 Rd8 22. Bc4 Be5 23. Ke2 Bxb2 24. Qxb2 Qg5 25. Qc2 b5 26. Bd3 g6 27. Qc6 b4 28. Bc4 Qe5 29. Qb7 Qb2+ 30. Kf3 Qf6+ 31. Ke2 a5 32. Qc7 Ra8 33. Bd5 Qa6+ 34. Bc4 Qf6 35. Bd5 Re8 36. Qxa5 Qd6 37. Qb5 Rd8 38. e4 Rc8 39. Qd3 Qf6 40. Bc4 Qb2+ 41. Qd2 Qxd2+ 42. Kxd2 Ra8 43. Ke3 Rxa2 44. g3 Kf8 45. h4 Ke7 46. h5 gxh5 47. Bd5 f6 48. f4 Rg2 49. Kf3 Rc2 50. e5 Rc3+ 51. Kf2 fxe5 52. fxe5 Rc5 53. Bg8 h6 54. Kf3 Rxe5 55. Kf4 Rg5 56. Bh7 Kd6 57. Bd3 Kc5 58. Be2 Kd4 59. Bc4 Kc3 60. Be6 Kb2 61. Bf7 Rc5 62. Bc4 Ka3 63. Bf7 Rg5 64. Be6 Rg6 65. Bd5 Rg4+ 66. Kf3 Rd4 67. Bf7 h4 68. g4 Rd3+ 69. Kf4 h3 0-1